<?xml version="1.0" encoding="UTF-8"?>
<record
    xmlns:xsi="http://www.w3.org/2001/XMLSchema-instance"
    xsi:schemaLocation="http://www.loc.gov/MARC21/slim http://www.loc.gov/standards/marcxml/schema/MARC21slim.xsd"
    xmlns="http://www.loc.gov/MARC21/slim">

  <leader>00816cam a22002414a 4500</leader>
  <controlfield tag="001">sa 65009028 </controlfield>
  <controlfield tag="003">DLC</controlfield>
  <controlfield tag="005">20260227112159.0</controlfield>
  <controlfield tag="008">820317s1941    ii af         000 0dgujo </controlfield>
  <datafield tag="010" ind1=" " ind2=" ">
    <subfield code="a">sa 65009028 </subfield>
  </datafield>
  <datafield tag="040" ind1=" " ind2=" ">
    <subfield code="a">DLC</subfield>
    <subfield code="c">DLC</subfield>
  </datafield>
  <datafield tag="043" ind1=" " ind2=" ">
    <subfield code="a">a-ii---</subfield>
  </datafield>
  <datafield tag="050" ind1="0" ind2="0">
    <subfield code="a">PK1859.L8</subfield>
    <subfield code="b">Z46 1941</subfield>
  </datafield>
  <datafield tag="100" ind1="0" ind2=" ">
    <subfield code="a">Sundaram,</subfield>
    <subfield code="d">1908-1991.</subfield>
  </datafield>
  <datafield tag="245" ind1="1" ind2="0">
    <subfield code="a">Dakshi&#x1E47;&#x101;yana :</subfield>
    <subfield code="b">Dakshi&#x1E47;a Hindano eka prav&#x101;sa /</subfield>
    <subfield code="c">Tribhuvanad&#x101;sa Pu. Luh&#x101;ra.</subfield>
  </datafield>
  <datafield tag="250" ind1=" " ind2=" ">
    <subfield code="a">1. &#x101;vr&#x325;tti.</subfield>
  </datafield>
  <datafield tag="260" ind1=" " ind2=" ">
    <subfield code="a">Mumba&#x12B; :</subfield>
    <subfield code="b">Sola ejan&#x1E6D;sa &#x100;ra. &#x100;ra. &#x15A;e&#x1E6D;hani Ka&#x1E43;.,</subfield>
    <subfield code="c">1994 [1941]</subfield>
  </datafield>
  <datafield tag="300" ind1=" " ind2=" ">
    <subfield code="a">14, 267 p., [8] p.of plates :</subfield>
    <subfield code="b">ill. ;</subfield>
    <subfield code="c">19 cm.</subfield>
  </datafield>
  <datafield tag="490" ind1="0" ind2=" ">
    <subfield code="a">&#x15A;r&#x12B; Say&#x101;j&#x12B; s&#x101;hityam&#x101;l&#x101; ;</subfield>
    <subfield code="v">pushpa 276 mu&#x1E43;</subfield>
  </datafield>
  <datafield tag="546" ind1=" " ind2=" ">
    <subfield code="a">In Gujarati.</subfield>
  </datafield>
  <datafield tag="600" ind1="0" ind2="0">
    <subfield code="a">Sundaram,</subfield>
    <subfield code="d">1908-1991</subfield>
    <subfield code="x">Travel</subfield>
    <subfield code="z">India, South.</subfield>
  </datafield>
  <datafield tag="651" ind1=" " ind2="0">
    <subfield code="a">India, South</subfield>
    <subfield code="x">Description and travel.</subfield>
  </datafield>
  <datafield tag="999" ind1=" " ind2=" ">
    <subfield code="c">65995</subfield>
    <subfield code="d">65995</subfield>
  </datafield>
</record>
